[Event "London Classic op"]
[Site "London"]
[Date "2011.12.03"]
[Round "1"]
[White "Hoegener, Claude"]
[Black "Hunt, Adam"]
[Result "0-1"]
[WhiteElo "2028"]
[BlackElo "2458"]
[PlyCount "53"]
[EventDate "2011.12.03"]
[EventType "swiss"]
[EventRounds "9"]
[EventCountry "ENG"]
[SourceTitle "CBM 145 Extra"]
[Source "ChessBase"]
[SourceDate "2012.01.03"]
[SourceVersion "1"]
[SourceVersionDate "2012.01.03"]
[SourceQuality "1"]

1. d4 Nf6 2. Nf3 g6 3. Bg5 Bg7 4. Nbd2 0-0 5. e3 d6 6. c3 Qe8 7. Bd3 e5 8. Qc2 Bg4 9. h3 Bxf3 10. gxf3 exd4 11. cxd4 Nc6 12. Bxf6 Bxf6 13. Ne4 Bg7 14. 0-0-0 Nb4 15. Qb3 Nxd3+ 16. Rxd3 Qd7 17. h4 Qf5 18. Qd1 a5 19. h5 a4 20. hxg6 fxg6 21. Rc3 c5 22. a3 cxd4 23. exd4 b5 24. Qd3 Rab8 25. Rg1 b4 26. axb4 Rxb4 27. Rc4 0-1

[Event "LUX-ch AB"]
[Site "Differdingen"]
[Date "2007.04.12"]
[Round "6.9"]
[White "Hoegener, Claude"]
[Black "Boyarchenko, Marie"]
[Result "0-1"]
[WhiteElo "2020"]
[BlackElo "1756"]
[PlyCount "92"]
[EventDate "2007.04.07"]
[EventType "swiss"]
[EventRounds "9"]
[EventCountry "LUX"]
[SourceTitle "EXT 2008"]
[Source "ChessBase"]
[SourceDate "2007.11.25"]
[SourceVersion "1"]
[SourceVersionDate "2007.11.25"]
[SourceQuality "1"]

1. d4 d5 2. Nf3 c6 3. c4 e6 4. Nc3 f5 5. Qc2 Nf6 6. Bg5 Be7 7. Bxf6 Bxf6 8. h3 Nd7 9. g4 e5 10. dxe5 Nxe5 11. Nxe5 d4 12. Nxc6 bxc6 13. Bg2 Bd7 14. Nd1 0-0 15. Rb1 Qc7 16. b4 Rae8 17. Nb2 Bh4 18. Bf3 Qf4 19. Kf1 fxg4 20. hxg4 g5 21. Nd3 Qc7 22. Qd2 Re7 23. Rg1 Qh2 24. Rg2 Qh3 25. Kg1 Rxf3 26. exf3 Qxf3 27. Ne1 Qe4 28. Nd3 Bxg4 29. Re1 Be2 30. Nc1 d3 31. Nxe2 dxe2 32. a4 Qf3 33. c5 Re4 34. Qd8+ Kg7 35. Qd7+ Kh6 36. Qxc6+ Kh5 37. Qd7 Bxf2+ 38. Rxf2 Rg4+ 39. Qxg4+ Qxg4+ 40. Rg2 Qxb4 41. Rexe2 Qxc5+ 42. Kf1 Qc6 43. Rh2+ Kg6 44. a5 h5 45. Rc2 Qa6+ 46. Kg1 h4 0-1

[Event "LUX-ch AB"]
[Site "Differdingen"]
[Date "2007.04.08"]
[Round "2.10"]
[White "Christen, Pierre"]
[Black "Hoegener, Claude"]
[Result "1/2-1/2"]
[WhiteElo "2048"]
[BlackElo "2020"]
[PlyCount "69"]
[EventDate "2007.04.07"]
[EventType "swiss"]
[EventRounds "9"]
[EventCountry "LUX"]
[SourceTitle "EXT 2008"]
[Source "ChessBase"]
[SourceDate "2007.11.25"]
[SourceVersion "1"]
[SourceVersionDate "2007.11.25"]
[SourceQuality "1"]

1. Nf3 Nf6 2. c4 c6 3. g3 d5 4. b3 Nbd7 5. Bb2 e6 6. Bg2 h5 7. d4 Bd6 8. Nbd2 Qe7 9. Ne5 h4 10. Qc2 Ba3 11. Ndf3 Bb4+ 12. Nd2 Ba3 13. Nd3 Bd6 14. Nf3 hxg3 15. hxg3 Rxh1+ 16. Bxh1 Ba3 17. Bc3 Bd6 18. Bg2 Ne4 19. c5 Bc7 20. Bb2 Ndf6 21. 0-0-0 Bd7 22. Rh1 0-0-0 23. Nfe5 Kb8 24. Bf3 Ng5 25. Kb1 Bc8 26. Bc1 Nxf3 27. exf3 Nd7 28. Qe2 Bxe5 29. Nxe5 f6 30. Nxd7+ Bxd7 31. Bf4+ Kc8 32. Bd6 Qf7 33. Qd3 e5 34. Kb2 exd4 35. Re1 1/2-1/2